000 00402nam a2200157Ia 4500
003 GCL
008 140319s9999 xx 000 0 eng d
040 _aGCL /
_cGCL
082 0 4 _aCH
_b910.02
_bL A
100 1 _aLIBRARY OF CONGRESS
245 1 0 _aA WORLD OF THINGS TO DO /
_cLIBRARY OF CONGRESS
260 _a[S.N] :
_bLIBRARY OF CONGRESS
650 0 4 _aGEOGRAPHY
650 0 4 _aWORLD
942 _2ddc
_cBK
999 _c18997
_d18997